000 00686nam a2200193 a 4500
008 120416s1980 ||||||||||||||||| || u
020 _a0521367913
050 _aQA 408 Par
100 _aPartington, Jonathan R
245 1 3 _aAn introduction to Hankel operators
260 _aCambridge
_bCambridge University Press
_c1980
300 _aviii, 103p.
350 _a0.00
490 _aLondon Mathematical Society student texts
490 _v13
650 0 _aMATHEMATICS--HANDBOOKS, MANUALS, ETC
650 _aHankel operators
995 _D0.00
_FCBU-MAIN LIBRARY (Kitwe)
_H1
_I9.95
_M1
_UAVAILABLE
_ZMain Library Open Access Collection
999 _c47786
_d47786